Global AIDS: myths and facts (Record no. 30630)
[ view plain ]
| 000 -LEADER | |
|---|---|
| fixed length control field | 00864nam a2200205 a 4500 |
| 008 - FIXED-LENGTH DATA ELEMENTS--GENERAL INFORMATION | |
| fixed length control field | 140922s2003 ||||||||||||||||| || u |
| 020 ## - INTERNATIONAL STANDARD BOOK NUMBER | |
| International Standard Book Number | 0896086739 |
| 050 ## - LIBRARY OF CONGRESS CALL NUMBER | |
| Classification number | 616.9792 IRW |
| 100 ## - MAIN ENTRY--PERSONAL NAME | |
| Personal name | Fallows Dororthy |
| 245 10 - TITLE STATEMENT | |
| Title | Global AIDS: myths and facts |
| Statement of responsibility, etc. | by Alexander Irwin, Joyce Millen and Dorothy Fallows |
| 260 ## - PUBLICATION, DISTRIBUTION, ETC. | |
| Place of publication, distribution, etc. | Cambridge |
| Name of publisher, distributor, etc. | South End Press |
| Date of publication, distribution, etc. | 2003 |
| 300 ## - PHYSICAL DESCRIPTION | |
| Extent | xvi,267p. : ill |
| 650 ## - SUBJECT ADDED ENTRY--TOPICAL TERM | |
| Topical term or geographic name entry element | WORLD HEALTH |
| 650 ## - SUBJECT ADDED ENTRY--TOPICAL TERM | |
| Topical term or geographic name entry element | AIDS (DISEASE)--PREVENTION |
| 650 ## - SUBJECT ADDED ENTRY--TOPICAL TERM | |
| Topical term or geographic name entry element | AIDS (DISEASE)--SOCIAL ASPECTS |
| 700 ## - ADDED ENTRY--PERSONAL NAME | |
| Personal name | Millen Joyce |
| 700 ## - ADDED ENTRY--PERSONAL NAME | |
| Personal name | Irwin, Alexander |
| 995 ## - RECOMMENDATION 995 [LOCAL, UNIMARC FRANCE] | |
| -- | CBU-DAG HAMMARSKJOLD INSTITUTE LIBRARY |
| -- | 1 |
| -- | AVAILABLE |
| -- | Sep 22, 2014 |
| -- | American Collection |
| 995 ## - RECOMMENDATION 995 [LOCAL, UNIMARC FRANCE] | |
| -- | CBU-DAG HAMMARSKJOLD INSTITUTE LIBRARY |
| -- | 2 |
| -- | AVAILABLE |
| -- | Sep 22, 2014 |
| -- | American Collection |
| Withdrawn status | Lost status | Source of classification or shelving scheme | Damaged status | Not for loan | Home library | Current library | Shelving location | Date acquired | Total Checkouts | Full call number | Barcode | Date last seen | Price effective from | Koha item type |
|---|---|---|---|---|---|---|---|---|---|---|---|---|---|---|
| CBU-DAG HAMMARSKJOLD INSTITUTE | CBU-DAG HAMMARSKJOLD INSTITUTE | 11/29/2022 | 616.9792 IRW | 0106169 | 11/29/2022 | 11/29/2022 | MONOGRAPH | |||||||
| CBU-DAG HAMMARSKJOLD INSTITUTE | CBU-DAG HAMMARSKJOLD INSTITUTE | 11/29/2022 | 616.9792 IRW | 0106167 | 11/29/2022 | 11/29/2022 | MONOGRAPH |